000 00683nam a2200289Ia 4500
005 20260324120456.0
008 008 260324s9999 xx 000 0 eng d
020 _a9781315724102
037 _aEBOOK
040 _aCRL
040 _beng
040 _cCRL
041 _2eng
041 _aeng
084 _qCRL
100 _aMichael DeJonge; Christiane Tietz
_91158721
245 0 _aTranslating Religion
245 0 _bWhat is Lost and Gained?
260 _bTaylor and Francis
260 _c2015
365 _a
365 _b240
856 _uhttp://www.taylorfrancis.com/books/9781315724102
942 _cEBOOK
999 _c1750274
_d1750274